Ekonomické aspekty integrovaného systému riadenia

Zavedenie a certifikácia systémov riadenia v oblasti kvality a environmentu v konkrétnej spoločnosti. Uplatňovanie vhodných štandardov môže viesť ku skvalitneniu činnosti, zvyšovaniu ziskov, budovaniu dobrého mena či zlepšovaniu postavenia spoločnosti na trhu a podobne.

Enregistré dans:
Détails bibliographiques
Auteur principal: Socha, Vladimír
Autres auteurs: Kutílek, Patrik, Socha, Luboš
Format: Chapitre de livre
Langue:slovaque
Sujets:
Tags: Ajouter un tag
Pas de tags, Soyez le premier à ajouter un tag!

MARC

LEADER 00000nla a2200000 4500
001 0182342
005 20221020085623.5
041 0 |a slo 
044 |a SK 
245 1 0 |a Ekonomické aspekty integrovaného systému riadenia  |c Vladimír Socha, Patrik Kutílek, Ľuboš Socha 
520 |a Zavedenie a certifikácia systémov riadenia v oblasti kvality a environmentu v konkrétnej spoločnosti. Uplatňovanie vhodných štandardov môže viesť ku skvalitneniu činnosti, zvyšovaniu ziskov, budovaniu dobrého mena či zlepšovaniu postavenia spoločnosti na trhu a podobne. 
610 2 0 |a systémy integrované manažérske 
610 2 0 |a systémy kvality 
610 2 0 |a riadenie kvality 
610 2 0 |a náklady 
610 2 0 |a certifikácia 
100 1 |a Socha, Vladimír 
700 1 |a Kutílek, Patrik 
700 1 |a Socha, Luboš